Kolm tuhat aastat lambaid Eestis
| Titel: | Kolm tuhat aastat lambaid Eestis : zooarheoloogiline leiuaines ja emaliinide geneetiline mitmekesisus / Eva Rannamäe |
|---|---|
| Verfasser: | |
| In: |
Õpetatud Eesti Selts: Õpetatud Eesti Seltsi aastaraamat, (2016), Seite 7-29 alle Artikel anzeigen |
| Veröffentlicht: | 2016 [2017] |
| Umfang: | Illustrationen, Diagramme |
| Format: | Aufsatz |
| Sprache: | Estnisch |
X
alg: 45022794 001A $03025:28-06-19 001B $01999:05-06-24 $t22:45:27.000 001D $03025:28-06-19 001U $0utf8 001X $00 002@ $0Aou 002C $aText $btxt $2rdacontent 002D $aohne Hilfsmittel zu benutzen $bn $2rdamedia 002E $aBand $bnc $2rdacarrier 003@ $0450227944 007A $0450227944 $aHEB 010@ $aest 010E $erda 011@ $a2016 $n2016 [2017] 021A $aKolm tuhat aastat lambaid Eestis $dzooarheoloogiline leiuaines ja emaliinide geneetiline mitmekesisus $hEva Rannamäe 028A $BVerfasser $4aut $71331729998 $8Rannamäe, Eve$Z1985- [Tp3] $9518841464 031A $g23 $h7-29 $j2016 034M $aIllustrationen, Diagramme 037A $aLiteraturverzeichnis Seite 22-27 039B $aEnthalten in $8--Abvc--Õpetatud Eesti Selts [Tb1]. Õpetatud Eesti Seltsi aastaraamat. - Tartu : Mattiesen, 1938-. - ISSN 1406-8486 $x201600000000000993 $9047885599 044K $RĖstljandskaja Gubernija $RĖstonskaja SSR $#Estland $#Estland $#Estnische SSR $#Eesti $#Estonskaja SSR $#EV $#Estonia 1918 - 1940, 1991 - $#Republik Estland $#Eesti Vabariik $#Republic of Estonia $#Ėstonskaja Respublika $#Estnische Republik $#Estonia 1918-1940 ; ab 1991 $#Estonia $#Estonie $74015587-0 $8Estland [Tg1] $9085035777 044K $#Kikhnu $#Kühno $74576423-2 $8Kihnu [Tg1] $9090840879 044K $RWiederkäuer $RSchafrasse $#Sheep $#Mouton $#Pecore $#Ganado ovino $#sheep $#Schafe $#Hausschaf $#Ovis ammon aries $#Ovis aries $74051990-9 $8Schaf [Ts1] $9085145521 044K $RPaläozoologie $RTierknochenfund $#Animal remains (Archaeology) $#Archéozoologie $#Restos de animales (Arqueología) $#Zooarchäologie $#Tiere Archäologie $74211482-2 $8Archäozoologie [Ts1] $9086085948 044K $RTierzucht $RViehwirtschaft $#Livestock Breeding $#Nutztiere Tierzucht $#Nutztierzüchtung $#Viehzucht $74474521-7 $8Nutztierzucht [Ts1] $9089001567 044K $RGenanalyse $RGenetischer Fingerabdruck $#DNA fingerprinting $#Empreintes génétiques $#DNS-typing $#DNA-Typisierung $74473129-2 $8DNA-typing [Ts1] $908899175X 045F $a630.94798 $eDDC23BSB 045F/01 $a630.9 045F/03 $g4798 045T $a7,53 $a9,10 046L $aEnglische Zusammenfassung unter dem Titel: Three thousand years of sheep in Estonia: zooarchaeological material and genetic diversity of mitochondrial DNA lok: 45022794 78 exp: 45022794 78 1 #EPN 201B/01 $028-06-19 $t12:17:49.000 201C/01 $028-06-19 201U/01 $0utf8 203@/01 $0105440528X 208@/01 $a28-06-19 $be 209A/01 $a/ $f000 $x00 209A/01 $ab*p $x01 220C/01 $akoe 247C/01 $82080>Marburg/Lahn, Herder-Institut, Forschungsbibliothek, Bibliographieportal $9336309341
| LEADER | 00000caa a2200000 c 4500 | ||
|---|---|---|---|
| 001 | 450227944 | ||
| 003 | DE-603 | ||
| 005 | 20240605224527.0 | ||
| 007 | tu | ||
| 008 | 190628s2016 xx |||| | u00||u|est c | ||
| 035 | |a (DE-599)HEB450227944 | ||
| 040 | |a DE-603 |b ger |c DE-603 |d DE-603 |e rda | ||
| 041 | |a est | ||
| 082 | 0 | 4 | |8 1\u |a 630.94798 |q DE-101 |2 23/BSB |
| 084 | |a 7,53 |a 9,10 |2 ssgn | ||
| 085 | |8 1\u |b 630.9 | ||
| 085 | |8 1\u |z 2 |s 4798 | ||
| 100 | 1 | |a Rannamäe, Eve |d 1985- |e Verfasser |4 aut |0 (DE-603)518841464 |0 (DE-588)1331729998 |2 gnd | |
| 245 | 0 | 0 | |a Kolm tuhat aastat lambaid Eestis |b zooarheoloogiline leiuaines ja emaliinide geneetiline mitmekesisus |c Eva Rannamäe |
| 264 | 0 | |c 2016 [2017] | |
| 300 | |b Illustrationen, Diagramme | ||
| 336 | |a Text |b txt |2 rdacontent | ||
| 337 | |a ohne Hilfsmittel zu benutzen |b n |2 rdamedia | ||
| 338 | |a Band |b nc |2 rdacarrier | ||
| 500 | |a Literaturverzeichnis Seite 22-27 | ||
| 546 | |a Englische Zusammenfassung unter dem Titel: Three thousand years of sheep in Estonia: zooarchaeological material and genetic diversity of mitochondrial DNA | ||
| 650 | 7 | |a Schaf |0 (DE-588)4051990-9 |0 (DE-603)085145521 |2 gnd | |
| 650 | 7 | |a Archäozoologie |0 (DE-588)4211482-2 |0 (DE-603)086085948 |2 gnd | |
| 650 | 7 | |a Nutztierzucht |0 (DE-588)4474521-7 |0 (DE-603)089001567 |2 gnd | |
| 650 | 7 | |a DNA-typing |0 (DE-588)4473129-2 |0 (DE-603)08899175X |2 gnd | |
| 651 | 7 | |a Estland |0 (DE-588)4015587-0 |0 (DE-603)085035777 |2 gnd | |
| 651 | 7 | |a Kihnu |0 (DE-588)4576423-2 |0 (DE-603)090840879 |2 gnd | |
| 773 | 0 | 8 | |i Enthalten in |a Õpetatud Eesti Selts |t Õpetatud Eesti Seltsi aastaraamat |d Tartu : Mattiesen, 1938- |x 1406-8486 |g (2016), Seite 7-29 |w (DE-603)047885599 |w (DE-600)570191-0 |
| 924 | 0 | |9 2080 |a (DE-603)105440528X |b DE-2080 |c HES |d d |g / | |


